000 00439nam a2200169Ia 4500
003 LK-CoDNM
008 010623t1923 xxu||||| |||| 00| 1 sin d
040 _aLK-CoDNM
_dLK-CoDNM
_eLK-CoDNM
041 _asin
080 _a104 K 3
100 _aPannananda Thero,
_eed.
245 _aධර්ම චන්ද්‍රිකා
246 _aDharma Chandrika
260 _bMaha Bhodi
_aColombo
_c1923
300 _b82p, 21 cm
942 _cBK
999 _c91782
_d91782